Влияние поперечных колебаний и числа проходов при плазменной наплавке на структуру и свойства стали Р6М5; Неразрушающий контроль: электронное приборостроение, технологии, безопасность; Т. 2

Podrobná bibliografie
Parent link:Неразрушающий контроль: электронное приборостроение, технологии, безопасность: сборник трудов III Всероссийской научно-практической конференции студентов, аспирантов и молодых учёных, Томск, 27-31 мая 2013 г./ Национальный исследовательский Томский политехнический университет (ТПУ).— , 2013
Т. 2.— 2013.— [С. 68-72]
Hlavní autor: Белобородов Е. О.
Korporativní autor: Национальный исследовательский Томский политехнический университет (ТПУ) Институт неразрушающего контроля (ИНК) Кафедра оборудования и технологии сварочного производства (ОТСП)
Další autoři: Хамматов А. Н. Александр Наильевич (научный руководитель), Хайдарова А. А. Анна Александровна
Shrnutí:Заглавие с титульного экрана
Jazyk:ruština
Vydáno: 2013
Edice:Современные системы и технологии в неразрушающем контроле
Témata:
On-line přístup:http://www.lib.tpu.ru/fulltext/c/2013/C36/V2/020.pdf
Médium: Elektronický zdroj Kapitola
KOHA link:https://koha.lib.tpu.ru/cgi-bin/koha/opac-detail.pl?biblionumber=603394

MARC

LEADER 00000naa2a2200000 4500
001 603394
005 20260305091056.0
035 |a (RuTPU)RU\TPU\conf\578 
035 |a RU\TPU\conf\567 
090 |a 603394 
100 |a 20140115d2013 k y0rusy50 ca 
101 0 |a rus 
102 |a RU 
135 |a drnn ---uucaa 
181 0 |a i  
182 0 |a b 
200 1 |a Влияние поперечных колебаний и числа проходов при плазменной наплавке на структуру и свойства стали Р6М5  |f Е. О. Белобородов, А. Н. Хамматов  |g науч. рук. А. А. Хайдарова 
203 |a Текст  |c электронный 
225 1 |a Современные системы и технологии в неразрушающем контроле 
300 |a Заглавие с титульного экрана 
320 |a [Библиогр.: с. 72 (9 назв.)] 
337 |a Adobe Reader 
461 1 |0 (RuTPU)RU\TPU\conf\33  |t Неразрушающий контроль: электронное приборостроение, технологии, безопасность  |o сборник трудов III Всероссийской научно-практической конференции студентов, аспирантов и молодых учёных, Томск, 27-31 мая 2013 г.  |o в 2 т.  |f Национальный исследовательский Томский политехнический университет (ТПУ)  |d 2013 
463 1 |0 (RuTPU)RU\TPU\conf\35  |t Т. 2  |v [С. 68-72]  |d 2013 
610 1 |a труды учёных ТПУ 
610 1 |a электронный ресурс 
610 1 |a поперечные колебания 
610 1 |a плазменная наплавка 
610 1 |a стали 
610 1 |a Р6М5 
700 1 |a Белобородов  |b Е. О. 
701 1 |a Хамматов  |b А. Н.  |c специалист в области сварочного производства  |c инженер Томского политехнического университета  |f 1983-  |g Александр Наильевич  |3 (RuTPU)RU\TPU\pers\31685 
702 1 |a Хайдарова  |b А. А.  |c специалист в области сварочного производства  |c ассистент кафедры Томского политехнического университета, кандидат технических наук  |f 1982-  |g Анна Александровна  |4 727 
712 0 2 |a Национальный исследовательский Томский политехнический университет (ТПУ)  |b Институт неразрушающего контроля (ИНК)  |b Кафедра оборудования и технологии сварочного производства (ОТСП)  |3 (RuTPU)RU\TPU\col\18708 
801 2 |a RU  |b 63413507  |c 20230522  |g RCR 
856 4 |u http://www.lib.tpu.ru/fulltext/c/2013/C36/V2/020.pdf 
942 |c BK